Opening Lines Poems Quiz Stats

 Plays Quiz Updated Apr 5, 2019

Support Sporcle.
Go Orange.
Score 0/16 Timer 08:00
6 Plays Today
Line Poem % Correct
Once upon a midnight dreary, while I pondered, weak and weary...The Raven
78.8%
'Twas brillig, and the slithy toves...Jabberwocky
59.5%
Of Man's first disobedience, and the fruit of that forbidden tree whose mortal taste...Paradise Lost
54.7%
Two roads diverged in a yellow wood...The Road not Taken
51.9%
The outlook wasn't brilliant for the Mudville nine that day...Casey at the Bat
48.5%
Half a league, half a league, half a league onwards...The Charge of the Light Brigade
38.3%
I celebrate myself, and sing myself, and what I assume you shall assume...Song of Myself
35.9%
I met a traveller from an ancient land who said: Two vast and trunkless legs of stone...Ozymandias
33.2%
Line Poem % Correct
Shall I compare thee to a summer's day? Thou art more lovely and more temperate...Sonnet 18
32.1%
A free bird leaps on the back Of the wind and floats downstream...Caged Bird
26.9%
Let us go then, you and I, When the evening is spread out against the sky...The Love Song of J. Alfred Prufrock
25.5%
Stop all the clocks, cut off the telephone, Prevent the dog from barking with a juicy bone...Funeral Blues
17.3%
Gather ye rosebuds while ye may, Old Time is still a-flying...To the Virgins, to Make Much of Time
14%
The tree has entered my hands, The sap has ascended my arms...A Girl
11%
He is stark mad, who ever says, That he hath been in love an hour...The Broken Heart
8.7%
The rain set early in tonight, The sullen wind was soon awake, It tore the elm-tops down for spite...Porphyria's Lover
6.9%

From the Vault

5 Movies Every 5 Years

by manonthemoon

Movies 9m
In 5 years time...you could be watching another movie.
Remove Ads.
Support Sporcle.
Get the best of Sporcle when you Go Orange. This ad-free experience offers more features, more stats, and more fun while also helping to support Sporcle. Thank you for becoming a member.

Show Comments

Extras

Top Quizzes Today


Score Distribution

Your Account Isn't Verified!

In order to create a playlist on Sporcle, you need to verify the email address you used during registration. Go to your Sporcle Settings to finish the process.

Report this User

Report this user for behavior that violates our Community Guidelines.

Details: